000 00741nam a2200253Ia 4500
003 OSt
005 20220928104324.0
006 a|||||r|||| 00| 0
007 ta
008 220927b |||||||| |||| 00| 0 hin d
020 _c495
024 _a118491
037 _bA 90, 06/02/2013, Bharat Pustak Bhandar
_cTextual
040 _aSDCL
_cSDCL
_bhin
041 _2hin
_ahin
082 _aO152:gxN32, Q3
100 _aRai Rameshwar Ed.
_9399977
245 0 _aSanchayita
_b Nirmala Jain
260 _aNew Delhi
_bVani Prakashan
_c2013
300 _a278p
_ccm.
650 _aHindi
_9391598
942 _hO152:gxN32, Q3
_cTEXL
_2CC
999 _c725592
_d725592